000 00335nam a22001337a 4500
008 170613b xxu||||| |||| 00| 0 eng d
020 _a0879677600
041 _aeng
080 _a32
100 _a19
101 _aSHP
245 _aTAKIND SIDES CLASHIBGON CONTROVERSIAL ISSUES IN WORLD POLITICS
_cROURKE.J.T
942 _2udc
_cBK
999 _c17186
_d17186